00000000nam 2200000za 4500
0019.527142
003CaOODSP
00520200327085801
007ta
008150406|1996||||xxc|||||     f|0| 0 eng d
020 |a0-662-62355-X
040 |aCaOODSP|beng
041 |aeng
041 |afre
043 |an-cn---
0861 |aC21-25/3-1996
1101 |aCanada.|bIndustry Canada. |bMicro-Economic Analysis Directorate.
24510|aCanadian corporate governance policy options / |cby Ronald J. Daniels and Randall Morck.
260 |aOttawa - Ontario : |bIndustry Canada. |c1996.
300 |aEnglish text, 63p. : |c28 cm.
4901 |aDiscussion paper|v3
500 |a"The purpose of this paper is to examine corporate decision-making in Canada and to clarify the factors that, in the past, have sometimes led to less than optimal corporate governance."--Page 1.
504 |aBibliography.
5203 |aThe purpose of this paper is to examine corporate decision-making in Canada and to clarify the factors that, in the past, have sometimes led to less than optimal corporate governance.--Page 1
546 |aBilingual
563 |aSoftcover
590 |a97-45|b1997-11-07
7201 |aMorck, Randall
7201 |aDaniels, Ronald J.
7760#|tCanadian corporate governance policy options |w(CaOODSP)9.571964
7760#|tLa régie des sociétés au Canada et les choix sur le plan des politiques |w(CaOODSP)9.602384
792 |tLa régie des sociétés au Canada et les choix sur le plan des politiques / |efre|w(CaOODSP)9.527143
830#0|aDiscussion paper (Canada. Industry Canada)|v3|w(CaOODSP)9.509054